El funcionamiento del derecho procesal penal: interpretación, determinación, integración, aplicación
Guardat en:
| Autor principal: | |
|---|---|
| Format: | Llibre |
| Idioma: | espanyol |
| Publicat: |
Buenos Aires
Depalma
1985
|
| Matèries: | |
| Etiquetes: |
Afegir etiqueta
Sense etiquetes, Sigues el primer a etiquetar aquest registre!
|
MARC
| LEADER | 00000cam a2200000 a 4500 | ||
|---|---|---|---|
| 001 | UCV1419 | ||
| 003 | CL-VaPUC | ||
| 008 | 900612e19850000AG |||||||||||||||||spa|d | ||
| 082 | 0 | 4 | |a 345.05 |b BER |2 21 |
| 100 | 0 | |a Bertolino, Pedro J |e author |9 295678 | |
| 245 | 1 | 3 | |a El funcionamiento del derecho procesal penal: interpretación, determinación, integración, aplicación |
| 300 | |a 242 p | ||
| 942 | |c BK | ||
| 945 | |d 19900612 00:00:00 | ||
| 260 | |a Buenos Aires |b Depalma |c 1985 | ||
| 650 | 0 | |a Derecho procesal penal |9 256392 | |
| 583 | |a last modification |c 20180801 12:12:16 |k Rodrigo Vera | ||
| 999 | |c 209377 |d 209375 | ||
| 952 | |0 0 |1 0 |4 0 |6 345_050000000000000_BER_1985 |7 0 |8 A |9 184746 |a BIBDER |b BIBDER |d 2019-11-14 |i 2520648 |o 345.05 BER 1985 |p 2520648 |r 2023-01-25 |w 2019-11-14 |y BK |k DER | ||
| 952 | |0 0 |1 0 |3 erb |4 0 |6 345_050000000000000_BER_1985 |7 0 |8 A |9 184747 |a BIBDER |b BIBDER |e Mateluna Arestizabal, Alfredo Sergio |i 5484642 |o 345.05 BER 1985 |p 5484642 |r 2019-11-14 |w 2019-11-14 |y BK |z Catalogado en:20180803 |k DER | ||